01380nam a2200217 a 4500008004100000050001600041100004500057245009100102246006600193260003600259300001300295350001300308500018900321650004500510700004200555995015500597995015500752999001700907952011900924952011901043091103s2009 ||||||||||||||||| || u aKG 3646 Her aZambia. President (1991 - 2001: Chiluba)10aHere I stand : verbatim testimony of second Republican President Dr. Frederick Chiluba aI did not steal public funds, infact government owes me money aLusakabZDA Press Servicec2009 a80 pages a50000.00 aVerbatim testimony of second Republican President Dr. Frederick Chiluba before Ndola High Court deputy Registrar Jones Chinyama sitting as magistrate in Lusaka 27/01/2009 to 29/01/2009 aCHILUBA, FREDERICK--ZAMBIA--PRESIDENT OF aChiluba, Frederick Titus Jacob, 1943- aSPECIAL COLLECTIONSD50000.00e740480FCBU-MAIN LIBRARY (Kitwe)H1I50000.00jZAM KG 3646 HERM1UAVAILABLEWDec 30, 2009y740480ZZambiana Collection aSPECIAL COLLECTIONSD50000.00e740481FCBU-MAIN LIBRARY (Kitwe)H1I50000.00jZAM KG 3646 HERM2UAVAILABLEWDec 30, 2009y740481ZZambiana Collection c76167d76167 00102lcc4070a001b001cZambiana Collectiond2023-04-25l0oKG 3646 Herp740480r2023-04-25t1w2023-04-25y023 00102lcc4070a001b001cZambiana Collectiond2023-04-25l0oKG 3646 Herp740481r2023-04-25t2w2023-04-25y023